1639 1334 1698 1475 1870 1472 1567 1629 1866 1394 1368 1579 1694 1044 1176 1336 1713 1392 1984 1379 1528 1694 1475 1383 1450 1218 1665 1496 1156 1675 1198 1148 1681 1320 1408 1517 1549 1030 1533 1365 1190 1803 1380 1214 1838 1869 1901 1947 1558 1246 1965 1902 1975 1539 1345 1491 1487 1390 1591 1403 1494 1465 1289 1976 1678 1814 1985 1156 1648 1466 1599 1528 1251 1952 1522 1271 1626 1410 1148 1763 1607 1467 1291 1550 1318 1932 1975 1002 1376 1067 1308 1914 1075 1850 1709 1048 1188 1908 1140 BCNSPRNW ULIB Ver.6.0+V

เปลี่ยนเป็นภาษาไทย

Change to English
 แสดงรายละเอียดบรรณานุกรม
  กลับหน้าหลัก

Brief Record : Get Marc (ISO 2709) : E-mail record : QR code < ปิดหน้าต่าง
LEADER : 00000nam 2200000uu 4500
001    13399121729
003     ULIB
008    121203s2550||||th 000 0 tha d
020    ^a9789740923244
060 04 ^aWC100^bจ631ร
110 1  สมาคมกุมารแพทย์แห่งประเทศไทย
245 00 ^aโรคติดเชื้อที่ป้องกันได้ด้วยวัคซีน /^cสมาคมกุมารแพทย์แห่งประเทศไทย ; บรรณาธิการ, จุฑารัตน์ เมฆมัลลิกา ... [และคนอื่นๆ]
250    ^aพิมพ์ครั้งที่ 1
260    ^aกรุงเทพฯ :^bธนาเพลส,^cc2550
300    ^avi, 291 หน้า :^bภาพประกอบ ;^c26 ซม.
504    ^aมีบรรณานุกรมและดัชนี
650  7 ^aโรคติดต่อ^xการป้องกันและควบคุม
650  7 ^aวัคซีน
700 0  ^aจุฑารัตน์ เมฆมัลลิกา,^eบรรณาธิการ
710 2  ^aสมาคมกุมารแพทย์แห่งประเทศไทย
945    ^p290^l0^i15070
995    ^aทศพร
999    ^aกัณชพร
รายการนี้ยังไม่มีแท็ก
คุณยังไม่ได้ล็อกอิน คุณสามารถมีกิจกรรมร่วมกับเว็บไซต์ได้ แต่ต้องล็อกอินก่อน ::
  ล็อกอิน

รายการสื่อสารสนเทศ

ลำดับที่ ประเภท เลขเรียก/บาร์โค้ด สถานที่ สถานะ
1. วิทยาศาสตร์การแพทย์ และสุขภาพ
วิทยาศาสตร์การแพทย์ และสุขภาพ
WC100 จ631ร ฉ.1 
  Barcode: 15070
ห้องสมุดวิทยาเขตสวรรค์ประชารักษ์
►ส่วนจัดเก็บหนังสือเก่า สปร
บนชั้น
  ขอยืม

รายการใกล้เคียง
    หัวเรื่อง [วัคซีน]

BibComment


ยังไม่เคยถูกคอมเมนท์

คอมเมนท์ทรัพยากรรายการนี้
  คอมเมนท์: โรคติดเชื้อที่ป้..


 Copyright 2026. Bcnsprnw @Library